مكتبة جامعة عجلون الوطنية

فهرس بحث المكتبة

Normal view MARC view
  • العنانزه، محمد حسين

Entry Personal Name

Number of records used in: 1

001 - CONTROL NUMBER

  • control field: 65029

003 - CONTROL NUMBER IDENTIFIER

  • control field: JO-AjAnu

005 - DATE AND TIME OF LATEST TRANSACTION

  • control field: 20231213102327.0

008 - FIXED-LENGTH DATA ELEMENTS

  • fixed length control field: 231213|| aca||aabn | a|a d

040 ## - CATALOGING SOURCE

  • Original cataloging agency: JO-AjAnu

100 ## - HEADING--PERSONAL NAME

  • Linkage: العنانزه، محمد حسين
  • Personal name: العنانزه، محمد حسين